[Event "FIDE-Wch k.o."]
[Site "Las Vegas"]
[Date "1999.08.04"]
[Round "2.2"]
[White "Fridman, Daniel"]
[Black "Short, Nigel D"]
[Result "1/2-1/2"]
[WhiteElo "2526"]
[BlackElo "2675"]
[Annotator "Horn,Pe"]
[PlyCount "39"]
[EventDate "1999.07.31"]
[EventType "k.o."]
[EventRounds "7"]
[EventCountry "USA"]
[SourceTitle "CBM 072"]
[Source "ChessBase"]
[SourceDate "1999.10.01"]
[SourceVersion "1"]
[SourceVersionDate "1999.10.01"]
[SourceQuality "1"]

1. Nf3 d5 2. c4 d4 3. e3 Nc6 4. exd4 Nxd4 5. Nxd4 Qxd4 6. Nc3 c6 7. d3 Nh6 {
Dieser nur auf den ersten Blick seltsam aussehende Zug hat seine bisherigen
Tests ausgezeichnet überstanden.} 8. Be2 {Zvjaginsevs Vorschlag nach seiner
Partie gegen Granda Zuniga.} (8. Be3 Qd8 (8... Qd6 9. Ne4) 9. Bxh6 $6 gxh6 10.
d4 Bg7 11. d5 Qd6 $17 {Zvjaginsev-Granda Zuniga/Pamplona/1996}) 8... g6 9. Be3
$146 (9. O-O Bg7 10. Bxh6 $6 Bxh6 11. Qc2 Bf5 12. Rad1 Bg7 13. Qc1 O-O-O $17 {
Tondivar,B-Reinderman,D/Antwerp 1998}) ({Die Idee Zvjaginsevs lautete} 9. h3 $1
{um den Nh6 sofort mit g4 zu befragen, wenn er auf f5 auftaucht. Fridman und
Short sind offenbar aber von der Analyse Zvjaginsevs nicht sonderlich
beeindruckt.} Bg7 10. g4 f5 11. Be3 Qd6 12. Qd2 $36) 9... Qd7 (9... Qd8 $5) 10.
d4 Nf5 11. Bg4 Bg7 12. O-O O-O 13. Qd2 Rd8 14. Rad1 Qc7 {[%cal Rf5d4]} 15. Bxf5
{Weiß hatte keine gute Alternative.} Bxf5 $11 16. f3 Rd7 17. d5 ({Zu ehrgeizig
ist} 17. g4 $6 Be6 18. d5 $2 Bxc3 $17) 17... cxd5 18. cxd5 Bxc3 {wickelt zum
Remis ab.} (18... Qa5 19. Bd4 {ist ok für Weiß.}) 19. Qxc3 (19. bxc3 $2 Be6 $17
) 19... Qxc3 20. bxc3 {wegen der ungleichen Läufer.} 1/2-1/2

[Event "Linares 08th"]
[Site "Linares"]
[Date "1990.??.??"]
[Round "6"]
[White "Illescas Cordoba, Miguel"]
[Black "Portisch, Lajos"]
[Result "1/2-1/2"]
[WhiteElo "2530"]
[BlackElo "2605"]
[Annotator "Horn,Pe"]
[PlyCount "269"]
[EventDate "1990.02.??"]
[EventType "tourn"]
[EventRounds "11"]
[EventCountry "ESP"]
[EventCategory "16"]
[SourceTitle "CBM 017"]
[Source "ChessBase"]
[SourceDate "1990.08.01"]
[SourceVersion "1"]
[SourceVersionDate "1990.08.01"]
[SourceQuality "1"]

1. Nf3 d5 2. c4 d4 3. g3 c5 4. b4 cxb4 5. a3 bxa3 6. d3 (6. Bxa3 Nc6 7. d3 g6
8. Bg2 Bg7 9. O-O Nh6 10. Nbd2 O-O 11. Ne1 Bd7 12. Nc2 Qc8 13. Nb4 Nxb4 14.
Bxb4 Re8 15. Ra2 Bh3 16. Qa4 $146 {Larsen-L.Portisch, Palma de Mallorca izt
1970}) 6... e5 7. Bg2 Nc6 8. O-O Nf6 9. Nbd2 {wartet auf einen Zug des f8, bis
der a3 geschlagen wird} (9. Qa4 Bd7 10. Bxa3 Bxa3 11. Qxa3 Qe7 12. Nfd2 Be6 13.
Nb3 Nd7 14. N1d2 Qxa3 15. Rxa3 $146 {Rashkovsky-Godes, URS 1978}) (9. Bxa3 Bxa3
10. Nxa3 O-O 11. Qc2 Nd7 12. Rfb1 Nc5 13. Nd2 Qe7 14. Nb3 $146 {
Bronstein-Bhend, Paignton 1970}) 9... Be7 10. Bxa3 O-O (10... Bxa3 11. Rxa3 O-O
12. Qb3 Qe7 13. Rfa1 h6 14. Qb2 Rd8 15. Nb3 Nd7 16. Na5 Ndb8 17. Nd2 {
Gernik-Fichtl, Marianske Lazne 1959}) 11. Qc2 {N} (11. Nb3 Bxa3 12. Rxa3 Nd7)
11... Bd7 12. Rfb1 Rb8 13. Qa2 Re8 14. Ng5 a5 15. Bxe7 Rxe7 16. c5 $146 h6 17.
Nge4 Nxe4 18. Bxe4 Be6 19. Qa4 Rc7 20. Nc4 Bd5 21. Nxa5 Ne7 (21... Ra8 $4 22.
Nxc6) 22. Qb5 Qc8 23. c6 Bxe4 24. dxe4 b6 $1 (24... Nxc6 25. Nxc6 Rxc6 26. Qxe5
) 25. Ra2 (25. Nc4 $2 Rxc6 26. Nxe5 Rc5) (25. Nb7 $2 Nxc6) 25... Ra8 26. Qxb6
Nxc6 27. Rc1 Ra6 28. Qc5 Kh7 29. Qd6 d3 $2 (29... Raa7 30. Kg2 (30. Rac2 Rxa5
31. Rxc6 Rxc6 32. Rxc6 Qh3 $10) 30... Nxa5 31. Rxa5 Rxa5 32. Rxc7 Qg4 33. f3
Qg6) 30. exd3 Raa7 31. Rac2 Rxa5 32. Rxc6 Rxc6 33. Qxc6 (33. Rxc6 Qh3 34. Rc1)
33... Qd8 34. Qc7 Qxc7 35. Rxc7 f6 36. Kg2 Ra1 37. Rd7 h5 38. h4 Kg6 39. Kf3
Re1 40. Rd5 Kh6 41. Rd6 Kg6 42. Kg2 Re2 43. Kf1 Ra2 44. Ke1 Kf7 45. Rd7+ Kg6
46. Rb7 Rc2 47. Ra7 Rb2 48. Rc7 Ra2 49. Rb7 Rc2 50. Ra7 Rb2 51. Rc7 Ra2 52. Re7
Rc2 53. Kf1 Rd2 54. Rd7 Rb2 55. Kg1 Re2 56. Rd6 Kf7 57. Rd7+ Kg6 58. Kf1 Ra2
59. Kg2 Re2 60. Kf3 Re1 61. Rd5 Kf7 62. Ra5 Kg6 63. Ra7 Kh6 64. Ra8 g5 65.
hxg5+ Kxg5 66. Rg8+ Kh6 67. Rb8 Kg6 68. Rg8+ Kf7 69. Rc8 Kg6 70. Rc5 Ra1 71.
Rd5 Re1 72. Kg2 Re2 73. Kf1 Ra2 74. Rd8 Rb2 75. Kg1 Rd2 76. Kg2 Re2 77. Rd5 Kh6
78. Kf3 Re1 79. Rb5 Kg6 80. Rb8 Kf7 81. Rd8 Kg7 82. Rd6 Kf7 83. Rb6 Kg7 84. Rb2
Kg6 85. Rb7 Kh6 86. Rc7 Kg6 87. Rd7 Kh6 88. Kg2 Re2 89. Kf1 Rd2 90. Kg1 Kg6 91.
Rd6 Kf7 92. Kf1 Kg7 93. Kg2 Re2 94. Rc6 Rd2 95. Rc3 Re2 96. Rb3 Kg6 97. Ra3 Kg7
98. Kf3 Re1 99. Ra6 Kf7 100. Ra4 Kg6 101. Ra5 Kh6 102. Ra6 Kg7 103. Rd6 Kf7
104. d4 exd4 105. Rxd4 Kg6 106. Rd5 Ra1 107. Rd6 Ra3+ 108. Ke2 Ra4 109. Ke3
Ra3+ 110. Rd3 Ra1 111. Rc3 h4 112. gxh4 Rh1 113. Rc6 Rxh4 114. f4 Kf7 115. Kf3
Rh5 116. Rc7+ Kf8 117. Kg4 Ra5 118. e5 fxe5 119. f5 e4 120. Kg5 Ra1 121. Kg6
Rg1+ 122. Kf6 Kg8 123. Rc8+ Kh7 124. Re8 Rg4 125. Ke6 e3 126. Kf7 Rg7+ 127. Kf6
Rg3 128. Re4 Rf3 129. Re8 Rg3 130. Re5 Kg8 131. Ke7 Rg7+ 132. Ke6 Kf8 133. f6
Ra7 134. Rxe3 Ra6+ 135. Kf5 1/2-1/2

[Event "Rubinstein Memorial 36th"]
[Site "Polanica Zdroj"]
[Date "1999.08.22"]
[Round "6"]
[White "Markowski, Tomasz"]
[Black "Van Wely, Loek"]
[Result "0-1"]
[WhiteElo "2557"]
[BlackElo "2629"]
[Annotator "Horn,Pe"]
[PlyCount "66"]
[EventDate "1999.08.17"]
[EventType "tourn"]
[EventRounds "9"]
[EventCountry "POL"]
[EventCategory "15"]
[SourceTitle "CBM 073"]
[Source "ChessBase"]
[SourceDate "1999.12.01"]
[SourceVersion "1"]
[SourceVersionDate "1999.12.01"]
[SourceQuality "1"]

1. g3 d5 2. Nf3 g6 3. c4 d4 4. Bg2 Bg7 5. O-O c5 6. e3 Nc6 7. exd4 cxd4 8. d3
Nf6 9. Na3 O-O {Es ist eine Stellung aus dem modernen Benoni entstanden mit
dem kleinen Unterschied, daß die Farben vertauscht sind und demzufolge hier
Weiß (der Benonispieler) am Zuge ist. Wenn Schwarz am Zuge wäre, würde er sich
zwischen den Hauptzügen Nd7 (am meisten gespielt), h6 (Kortschnojs Patent) und
e5 entscheiden. Weiß muß nun zeigen, was er mit dem Mehrtempo anzufangen
gedenkt.} 10. Re1 $146 {Der Zug hat eher defensiven Charakter; es ist deswegen
nicht überraschend, daß Weiß bisher sein Glück direkt auf dem Damenflügel
suchte (mit garnicht so schlechten praktischen Resultaten), wo er seine
Majorität hat.} (10. Rb1 a5 11. Nb5 (11. b3 Nd7 12. Nc2 Nc5 13. Ba3 Na6 14. Qd2
Re8 15. Ng5 h6 16. Ne4 f5 17. Nc5 Qc7 18. Nxa6 Rxa6 19. f4 $14 {Moehring,
G-Veselsky,J/Trnava 1988}) 11... Ne8 12. a3 Nd6 13. Nxd6 Qxd6 14. Ng5 Kh8 15.
b4 axb4 16. axb4 f5 $6 17. c5 $14 {Bricard,E-Letreguilly,O/Montpellier 1991}) (
10. Nc2 a5 11. a3 (11. Re1 a4 12. a3 Nd7 13. Nb4 Nc5 $6 14. Nxc6 bxc6 15. Ne5
$14 {Schmidt,A-Rohs,P/Hessenliga 1993}) 11... a4 12. Bd2 Bf5 13. Bb4 Re8 14.
Re1 e5 15. Nh4 Bg4 16. Qd2 Qc7 17. Rab1 h6 18. b3 axb3 19. Rxb3 $13 {
Schmittdiel,E-Damm,F/Bad Woerishofen 1989}) 10... Nd7 (10... Re8 11. Ne5) 11.
Nc2 a5 (11... Nc5 $6 12. b4) 12. b3 (12. a3 Nc5 {[%cal Yc8f5]}) 12... h6 {
Ein nützlicher Vorbereitungszug: Schwarz verhindert ein gelegentliches Ng5.} ({
Weiß hat sich gegen} 12... Nc5 {gewappnet: mit} 13. Ba3 {kann der lästige N
bei Bedarf getauscht werden.}) 13. Ba3 Re8 14. Nd2 ({Mit zusätzlich
geschehenem Rb8 (mit vertauschten Farben, versteht sich) wählte Suba hier} 14.
Qe2 $5) 14... Nf6 (14... e5 15. Ne4 {hatte Weiß sicher bei 14.Nd2 im Auge.})
15. Bb2 {Gefällt mir nicht; der Ba3 stand doch nicht schlecht und konnte
später immer noch bei Bedarf b2 besuchen.} (15. f4 {war ein radikaler Versuch,
das weiße Mehrtempo zu nutzen.} Ng4 (15... Bg4 16. Nf3 e5 17. h3 $14) 16. Ne4
$13) ({Ich möchte hier für} 15. Qe2 {plädieren; Topalov spielte den Zug gegen
Kamsky in Dos Hermanas 1996 mit Erfolg, obwohl Kamsky den Mehrzug e7-e5 (was
doch die schwarze Absicht zu sein scheint) hatte.}) (15. Ne4 Nxe4 16. Bxe4 {
war ebenfalls möglich, versprach Weiß aber nichts besonderes.}) 15... e5 16.
Nf3 $6 {Wenn man jetzt die Hin- und Herzieherei von Nf6 und Nf3 und Bb2
zusammenzählt, wird man feststellen, daß Weiß sein Mehrtempo inzwischen
verloren hat.} ({Mit} 16. Qe2 {konnte Markowski immer noch den Bildern aus
Kamsky-Topalov folgen.}) 16... Rb8 {[%cal Yb7b5] Ein bekanntes Gegenmittel
gegen modernes Benoni.} 17. Rc1 $6 {Es ist nicht einfach, den genauen Punkt zu
erwischen, wo die Partie endgültig abgleitet. Insgesamt macht das weiße Spiel
in dieser Phase einen unsicheren und passiven Eindruck. Markowski ist eben
eher königsindische Bilder gewohnt ...} (17. Qd2 $142 Bf5 $140 18. Nh4) 17...
Bf5 18. h3 ({Für das Vorgehen am Damenflügel mit} 18. a3 {ist Schwarz
gewappnet: er kann zur rechten Zeit mit b5 dagegenhalten.}) (18. Nh4 Bg4 {
kann den Bg4 nur temporär von der Diagonale d3-h7 fernhalten.}) 18... g5 {
Der Bf5 behauptet seine Lieblingsdiagonale.} 19. Kh2 Nd7 {[%cal Yd7c5]} 20. Ba3
({Eine ketzerische Vorgehensweise wäre} 20. Rf1 Nc5 21. Nfe1 {[%cal Yb2a3] .
Der schwarze Vorteil ist kaum bestreitbar, aber die weiße Stellung erscheint
mir noch einigermaßen fest.}) 20... Bf8 $1 {Erkämpft dem Nd7 die Aussicht auf
das Feld c5.} 21. Bxf8 Kxf8 $17 {[%csl Rd3][%cal Rd7c5]} 22. c5 $2 {Markowski
war vermutlich mit seiner Stellung nicht mehr zufrieden und strebt jetzt
plötzlich (nach eher passivem Verhalten) Verwicklungen an. Käme Schwarz
nämlich wie geplant zu Nc5, so hätte der Rc1 seinen Sinn verloren. Es zeigt
sich aber, daß dem Pc5 die nötige Unterstützung fehlt.} Bg6 (22... Rc8 $5 {
ging auch sofort.}) (22... Nxc5 $2 23. Ncxd4 $132 {wäre im weißen Sinne.}) 23.
Bf1 Rc8 {[%csl Rc5] Nun ist der Pc5 nicht mehr zu retten.} 24. Na3 (24. Na1 Nb4
$19 {ist auch nicht besser.}) 24... Nb4 25. Nb5 Nxa2 $19 {Weiß hat keinerlei
Kompensation für den verlorenen P; eher im Gegenteil.} (25... Nxc5 $2 26. Nxe5
$132) (25... Rxc5 $2 26. Rxc5 Nxc5 27. Nxe5 $132) 26. Rc4 Re6 (26... Qf6 $5 27.
Nd6 $140 (27. Qe2 Nb4 28. Rxb4 axb4 29. Nd6 Nxc5 $19) 27... Nc3 $19) 27. Nd6
Rc7 28. Nxb7 (28. Qa1 Nb4 29. Qxa5 Nxd3 $19) 28... Qf6 (28... Rxb7 {gewann
ebenfalls:} 29. c6 Rb5 30. cxd7 Qxd7 $19) 29. Bg2 Nb4 30. Nxa5 Nxd3 31. Re2 (
31. b4 Nxe1 32. Qxe1 $19) 31... Rxc5 32. b4 $6 {verkürzt das Leiden.} Rxc4 33.
Nxc4 e4 {[%cal Yg6h5,Yd3f2]} 0-1

[Event "Bern op"]
[Site "Bern"]
[Date "1992.??.??"]
[Round "6"]
[White "Cvitan, Ognjen"]
[Black "Hort, Vlastimil"]
[Result "1/2-1/2"]
[WhiteElo "2505"]
[BlackElo "2560"]
[Annotator "Horn,Pe"]
[PlyCount "35"]
[EventDate "1992.02.??"]
[EventType "swiss"]
[EventRounds "9"]
[EventCountry "SUI"]
[SourceTitle "CBM 028"]
[Source "ChessBase"]
[SourceDate "1992.06.01"]
[SourceVersion "1"]
[SourceVersionDate "1992.06.01"]
[SourceQuality "1"]

1. Nf3 d5 2. c4 d4 3. g3 Nc6 4. Bg2 e5 5. O-O Nf6 6. d3 a5 7. e3 (7. Na3) 7...
dxe3 8. Bxe3 Be7 9. Nc3 O-O 10. Re1 (10. d4 exd4 11. Nxd4 Nxd4 12. Qxd4 Qxd4
13. Bxd4 Rd8 14. Be5 c6 15. Na4 Be6 16. b3 Rd3 17. Rfd1 Rxd1+ 18. Rxd1 Rd8 19.
Rxd8+ Bxd8 $10 {Savon-Furman, 1971}) 10... Re8 {N} (10... Ng4 11. Nd5 Nxe3 12.
Nxe7+ $6 Qxe7 13. fxe3 Bg4 14. Qb3 e4 $1 $17 {Wojtkiewicz-Seirawan, Haninge
1990}) 11. h3 Be6 (11... Bf5 12. d4 exd4 13. Nxd4 Nxd4 14. Qxd4 Qxd4 15. Bxd4
$36) 12. Qb3 Rb8 13. Rad1 Nd4 14. Bxd4 exd4 15. Nb5 (15. Ne4 b5 $1 $132) 15...
Bc5 16. Re5 b6 (16... Bb6 17. Ng5) 17. Na7 (17. Ng5) 17... Qd6 18. Nb5 (18. Nb5
Qd8 19. Na7) 1/2-1/2

[Event "Warsaw"]
[Site "Warsaw"]
[Date "1990.??.??"]
[Round "2"]
[White "Filipowicz, Andrzej"]
[Black "Balashov, Yuri S"]
[Result "0-1"]
[WhiteElo "2385"]
[BlackElo "2535"]
[Annotator "Horn,Pe"]
[PlyCount "128"]
[EventDate "1990.01.??"]
[EventType "tourn"]
[EventRounds "13"]
[EventCountry "POL"]
[EventCategory "9"]
[SourceTitle "CBM 017"]
[Source "ChessBase"]
[SourceDate "1990.08.01"]
[SourceVersion "1"]
[SourceVersionDate "1990.08.01"]
[SourceQuality "1"]

1. Nf3 d5 2. c4 d4 3. e3 Nc6 4. exd4 Nxd4 5. Nxd4 Qxd4 6. Nc3 e5 7. Be2 (7. d3
Ne7 8. Qe2 $5) 7... Ne7 8. O-O c6 9. d3 {/\ Be3} Nf5 10. g4 $6 (10. Ne4 Be7 11.
Bd2 Qb6 12. Bc3 $10 {Suba-Ftacnik, Warschau zt 1987}) 10... Nh4 (10... Ne7 11.
Be3 Qd8 12. d4 exd4 13. Qxd4 Qxd4 14. Bxd4 h5 15. Ne4 Ng6 $15 {Peresypkin-A.
Petrosian, Baku 1977} 16. gxh5 Nf4 17. Rfe1 f6) 11. Be3 Qd8 {N} (11... Qd6 12.
d4 h5 13. f3 Bd7 14. d5 Qg6 15. dxc6 bxc6 16. Kh1 hxg4 17. fxg4 Bb4 $17 {
D.Gurevich-W.Watson, Saint John op-2 1988}) 12. d4 h5 13. dxe5 (13. gxh5 Bh3
14. Re1 Ng2) 13... Qxd1 14. Raxd1 Bxg4 15. Bxg4 (15. f4 $2 Bh3) 15... hxg4 $17
16. Bf4 Rh5 17. Bg3 Nf3+ 18. Kg2 Be7 19. Rd3 Nxe5 20. Rd4 Rd8 21. Bxe5 Rxe5 22.
Rxg4 Kf8 23. Rd1 Rxd1 24. Nxd1 Bf6 25. Kf1 Rh5 26. Kg2 Be5 27. f4 Bc7 28. Nf2
Rh6 29. Nd3 Rd6 30. Rg3 Rd4 31. b3 Bxf4 32. Nxf4 Rxf4 33. Rd3 Ke7 34. Re3+ Kd7
35. Rd3+ Kc7 36. Re3 b5 37. Re7+ Kb6 38. cxb5 cxb5 39. Kg3 Rf6 40. b4 a6 41. h4
g6 42. Rd7 Kc6 43. Ra7 Kd5 44. Rc7 Kd4 45. Kg2 Ke4 46. Kg3 Rf3+ 47. Kg2 Ra3 48.
Rxf7 Rxa2+ 49. Kg3 Ke5 50. Re7+ Kf6 51. Re3 Ra4 52. Rf3+ Kg7 53. Rf4 Kh6 54.
Rg4 Ra3+ 55. Kg2 Rd3 56. Kf2 Rd5 57. Re4 Kh5 58. Re6 Rd4 59. Rxa6 Rxh4 60. Rd6
Rxb4 61. Kg3 g5 62. Rd3 Rc4 63. Rd8 Rc3+ 64. Kg2 b4 0-1

[Event "Munich SKA"]
[Site "Munich"]
[Date "1994.05.28"]
[Round "7"]
[White "Bareev, Evgeny"]
[Black "Hertneck, Gerald"]
[Result "1/2-1/2"]
[WhiteElo "2685"]
[BlackElo "2615"]
[Annotator "Horn,Pe"]
[PlyCount "134"]
[EventDate "1994.05.21"]
[EventType "tourn"]
[EventRounds "11"]
[EventCountry "GER"]
[EventCategory "16"]
[SourceTitle "CBM 042"]
[Source "ChessBase"]
[SourceDate "1994.10.01"]
[SourceVersion "1"]
[SourceVersionDate "1994.10.01"]
[SourceQuality "1"]

1. Nf3 d5 2. c4 d4 3. b4 f6 4. e3 e5 5. a3 (5. Qb3 $5 c5 6. bxc5 Bxc5 7. exd4 (
7. Ba3 $5 Qe7 $2 8. Qb5+ Nd7 9. Bxc5 Qxc5 10. Qxc5 Nxc5 11. exd4 $16 {Osnos})
7... exd4 8. Ba3 Qe7+ 9. Be2 Nc6 10. O-O (10. Bxc5 Qxc5 11. Qb5 Qxb5 (11... Qd6
12. c5 $5) 12. cxb5 d3 $5 13. Bxd3 Nb4 $44) 10... b6 11. Re1 Qd6 12. Bxc5 bxc5
13. Na3 a6 14. Nh4 Nge7 15. Bf3 O-O $10 {Napolitano-Balogh/3.WCCC/1960}) (5.
exd4 $2 e4 $1 $17) 5... c5 (5... a5 6. b5 c5 7. d3 Bd6 8. g3 Ne7 9. Bg2 O-O 10.
O-O Bg4 11. h3 Bh5 12. exd4 cxd4 $13 {Hebert-Kir.Georgiev/St.Agath des Monts/
1985}) 6. exd4 $6 $146 (6. bxc5 Nc6 7. d3 dxe3 8. Bxe3 Bxc5 9. Bxc5 Qa5+ 10.
Nbd2 Qxc5 11. Nb3 Qd6 12. d4 exd4 13. Nbxd4 $6 (13. Nfxd4 $10) 13... Bg4 14.
Be2 Rd8 $15 {Pithart-Fichtl/Marianske Lazne/1956}) 6... cxd4 7. d3 a5 8. bxa5 (
8. b5 a4 $17) 8... Nc6 9. g3 Qxa5+ 10. Nfd2 (10. Nbd2 {><c3} Nge7 11. Qb3)
10... Bf5 11. Qf3 (11. Qb3 $5) 11... Nge7 12. Bg2 h5 13. O-O (13. h3 $5) 13...
Qc7 14. Nb3 Qc8 15. N1d2 Bg4 16. Qe4 h4 17. c5 Bf5 18. Qe2 Bg4 19. Qe1 (19. Qe4
$5) 19... Bh3 20. Nc4 Qe6 21. Qe4 (21. Nd6+ $2 Kd7 22. Rb1 hxg3 23. fxg3 Bxg2
24. Kxg2 Qh3+ 25. Kf3 Qxh2 $17) 21... Bxg2 22. Qxg2 Nd5 23. Bd2 Be7 24. Rae1 g5
(24... hxg3 $1) 25. g4 Kf7 26. h3 Rhd8 27. Qf3 Kg7 28. Qd1 Qf7 29. Qc1 (29. Qc2
$1) 29... Rd7 30. Re4 Rad8 31. Qc2 Nc3 32. Bxc3 dxc3 33. Rd1 f5 34. gxf5 (34.
Nxe5 Nxe5 (34... Qd5 35. Nxd7 fxe4 36. Qxc3+ (36. Nb6 Qe5 37. d4 (37. dxe4
Rxd1+ 38. Qxd1 Qxe4 $40) 37... Nxd4 38. Nxd4 Rxd4 39. Rxd4 Qxd4 $19) 36... Kg6
37. Nb6 Qf7 38. d4 Ne5 39. Qe3 Nf3+ 40. Kg2 Qe6) 35. Rxe5 fxg4 36. hxg4 Bf6 37.
Re4 (37. Rf5 Rd5 38. Rxd5 Qxd5) 37... Re8 38. Rxe8 Qxe8 39. d4 Qe6 40. f3 Qc4
$40) 34... Qxf5 35. Rde1 Rxd3 36. R1e3 Rxe3 37. Nxe3 Qg6 $2 (37... Qf3 38. Rg4
(38. Rc4 Na5 $1 39. Nxa5 Rd2 $19) 38... Na5 $1 39. Nxa5 (39. Qxc3 Nxb3 40.
Qxe5+ (40. Qxb3 Rd2 $19) 40... Kf7 $19) 39... Rd2 40. Nf5+ Kh8 $19) 38. Rc4
Qxc2 39. Nxc2 Bf6 40. Rxc3 e4 41. Re3 Rd3 42. Nb4 Rd1+ 43. Kg2 Nd4 44. Nxd4
Bxd4 45. Rxe4 Rd2 46. Kf3 Rxf2+ 47. Kg4 Rg2+ 48. Kh5 Bxc5 49. Re5 Bxb4 50. axb4
Kf6 51. Rb5 Rg3 52. Rxb7 Rxh3 53. Rb6+ Kf5 54. Rb5+ Kf4 55. Rxg5 Rg3 56. Rc5 h3
57. Rc4+ Kf5 58. Rc5+ Ke4 59. Rc4+ Ke5 60. Rc5+ Kd4 61. Rc1 h2 62. Rh1 Rg2 63.
Kh4 Ke3 64. Kh3 Rg8 65. Rb1 h1=Q+ 66. Rxh1 Rh8+ 67. Kg2 Rxh1 1/2-1/2

[Event "Reykjavik zt"]
[Site "Reykjavik"]
[Date "1995.??.??"]
[Round "2"]
[White "Gausel, Einar"]
[Black "Degerman, Lars"]
[Result "1-0"]
[WhiteElo "2490"]
[BlackElo "2490"]
[Annotator "Horn,Pe"]
[PlyCount "70"]
[EventDate "1995.03.??"]
[EventType "swiss"]
[EventRounds "11"]
[EventCountry "ISL"]
[SourceTitle "CBM 047"]
[Source "ChessBase"]
[SourceDate "1995.08.01"]
[SourceVersion "1"]
[SourceVersionDate "1995.08.01"]
[SourceQuality "1"]

1. Nf3 d5 2. c4 dxc4 3. e3 Nf6 4. Bxc4 e6 5. O-O c5 6. b3 Nc6 (6... a6 7. Bb2
Nc6 8. Be2 Be7 9. d4 O-O 10. Nbd2 cxd4 11. Nxd4 Bd7 12. Bf3 Rc8 13. Nc4 $14 {
Larsen-Zaltsman/Reykjavik/1986 Komarov-Ibragimov/Kherson/1991}) 7. Bb2 Be7 (
7... a6 8. Be2 $14) (7... Bd6 8. d4 O-O 9. Nc3 cxd4 10. Nxd4 Bd7 11. Ncb5 Be7
12. Nxc6 Bxc6 13. Qxd8 Rfxd8 14. Rfd1 $14 {Makarov-Drasko/Podgorica/1993}) 8.
Nc3 O-O 9. Rc1 b6 10. Qe2 Bb7 11. Rfd1 Rc8 12. d4 $14 cxd4 (12... Qc7 13. d5
exd5 14. Nxd5 Nxd5 15. Bxd5 $14) 13. Nb5 {Now Qd8 has a problem.} Bc5 (13... e5
14. exd4 e4 15. Ne5 $16) 14. a3 a5 (14... a6 15. Nbxd4 $18) 15. exd4 Be7 16.
Ng5 Nb8 17. Nxe6 fxe6 18. Bxe6+ Rf7 19. Rxc8 Bxc8 20. d5 Qf8 21. h3 Bd7 (21...
Bxe6 22. dxe6 $18) 22. a4 (22. Bxf7+ $1 Qxf7 23. Qe5 $18) 22... Bc5 23. Bxf7+
Qxf7 24. Nc7 $2 (24. Be5 Na6 25. Nd6 $16) 24... Bf5 $2 (24... Bxh3 $1 25. gxh3
(25. Ne6 $2 Bg4 $19) 25... Qxc7 26. Qe6+ Qf7 27. Qxf7+ Kxf7 $13) 25. Ne6 (25.
Bxf6 $5 gxf6 (25... Qxf6 $5) 26. Ne6 Nd7 27. Qb5 $16) 25... Nbd7 26. Bd4 $2 (
26. Bxf6 Qxf6 27. Nxc5 Nxc5 28. Qe8+ Qf8 29. Qc6 $16) 26... Bb4 $2 (26... Bxd4
27. Nxd4 (27. Rxd4 Nxd5 28. Rxd5 Bxe6 29. Rd3 $13) 27... Qxd5 28. Nxf5 Qxf5 29.
Qc4+ $14) 27. Rc1 (27. Qc4 $142 h6 (27... Nxd5 $2 28. Nd8 $18) 28. Bb2 $16)
27... h6 (27... Nxd5 28. Ng5 Qg6 29. Qc4 $16) 28. Rc7 $2 (28. Qc4) 28... Nxd5
$17 29. Rc8+ Nf8 30. Nd8 Qe7 $2 (30... Nf4 $1 31. Qc4 Qxc4 32. Rxc4 Bd3 $19)
31. Qxe7 Bxe7 32. Rb8 Bc2 33. Ne6 (33. Nc6 $1 Bxb3 34. Nxe7+ Nxe7 35. Bxb6 Bxa4
36. Bxa5 $15) 33... Kf7 34. Nxg7 Bxb3 35. Nf5 Bxa4 $138 (35... Nd7 $1 36. Rh8
Bf6 $17) (35... Bxa4 36. Nxe7 Nxe7 (36... Kxe7 $2 37. Bxb6) 37. Rxb6 Bc6 $15)
1-0